[Event "Summer Cup"]
[Site "Wellington Chess Club"]
[Date "2023.03.16"]
[Round "6.1"]
[White "Croad, Nicolas"]
[Black "Van der Hoorn, Thomas"]
[Result "1/2-1/2"]
[WhiteElo "2442"]
[BlackElo "2068"]

1. e4 e5 2. Nf3 Nc6 3. Bb5 a6 4. Ba4 Nf6 5. O-O Be7 6. Re1 b5 7. Bb3 O-O 8. d3
d6 9. h3 Na5 10. Nbd2 c5 11. c3 Nxb3 12. axb3 g6 13. Nf1 Nh5 14. d4 exd4 15.
cxd4 Bf6 16. Be3 cxd4 17. Bxd4 Bb7 18. Ne3 Bxe4 19. Nh2 Bxd4 20. Qxd4 f5 21.
Nhg4 Nf6 22. Nxf6+ Qxf6 23. Red1 Qxd4 24. Rxd4 Rfd8 25. Rad1 Kf7 26. Rxd6 Ke7
27. Rxd8 Rxd8 28. Rxd8 Kxd8 29. b4 Kc7 30. f3 Bc6 31. Kf2 Kb6 32. Ke2 a5 33.
bxa5+ Kxa5 34. Kd3 Ka4 35. Kc3 b4+ 36. Kc4 Bb5+ 37. Kc5 Be2 38. f4 Kb3 39. g3
Bf3 40. Kb5 Be2+ 41. Kc5 Bf3 42. Kb5 1/2-1/2

[Event "Summer Cup"]
[Site "Wellington Chess Club"]
[Date "2023.03.16"]
[Round "6.2"]
[White "Ker, Anthony"]
[Black "Young, Cohen"]
[Result "1-0"]
[WhiteElo "2425"]
[BlackElo "1994"]

1. e4 c5 2. Nc3 Nc6 3. f4 g6 4. Nf3 Bg7 5. Bb5 Nd4 6. O-O a6 7. Bc4 b5 8. Bd5
Ra7 9. d3 e6 10. Bb3 d5 11. exd5 exd5 12. Re1+ Kf8 13. a4 b4 14. Nb1 Bg4 15.
Nbd2 Rd7 16. h3 Bxf3 17. Nxf3 c4 18. Ba2 Nxf3+ 19. Qxf3 b3 20. cxb3 cxb3 21.
Bxb3 Qb6+ 22. d4 Bxd4+ 23. Be3 Ne7 24. a5 Bxe3+ 25. Qxe3 Qxe3+ 26. Rxe3 Kg7 27.
Rae1 Rb8 $4 28. Ba4 1-0

[Event "Summer Cup"]
[Site "Wellington Chess Club"]
[Date "2023.03.16"]
[Round "6.3"]
[White "Dive, Russell"]
[Black "Winsley, Nicholas"]
[Result "0-1"]
[WhiteElo "2350"]
[BlackElo "1942"]

1. Nf3 Nf6 2. c4 c5 3. Nc3 Nc6 4. g3 g6 5. Bg2 Bg7 6. O-O O-O 7. d4 cxd4 8.
Nxd4 Qb6 9. Nb3 Qb4 10. c5 Rd8 11. Bg5 Qg4 12. Qd2 d6 13. Rfd1 Be6 14. h3 Qb4
15. cxd6 Rxd6 16. Qe3 Rad8 17. Rxd6 Rxd6 18. Nc5 Nd5 19. Nxd5 Bxd5 20. Nd3 Qb5
21. a4 Qb3 22. a5 Re6 23. Qd2 Bxg2 24. Kxg2 Nd4 25. Nf4 Re4 26. a6 h6 27. Ra3
Qb6 28. Qd3 Re5 29. e3 Qc6+ 30. e4 hxg5 31. Qxd4 gxf4 32. axb7 Qxb7 33. Rxa7
Qxe4+ 34. Qxe4 Rxe4 35. Rb7 Re2 36. Kf3 Rxb2 37. Rxe7 Bd4 38. Kxf4 Rxf2+ 39.
Kg4 Kg7 40. h4 Rf6 41. Rd7 Be5 42. Rd5 Bb8 43. Rb5 Bd6 44. Rd5 Re6 45. Rd3 f5+
46. Kf3 Kf6 47. Rb3 Bc5 48. Rd3 Re1 49. Rc3 Rf1+ 50. Kg2 Rf2+ 51. Kh3 Bd6 52.
Rd3 Ke6 53. Re3+ Kd5 54. Rd3+ Kc5 55. Rc3+ Kd4 56. Rc6 Kd5 57. Rc3 Be5 58. Ra3
Ke4 59. Ra6 Rf3 60. Rxg6 f4 61. Ra6 Rxg3+ 62. Kh2 f3 63. Ra4+ Kf5 64. Ra5 f2
0-1

[Event "Summer Cup"]
[Site "Wellington Chess Club"]
[Date "2023.03.16"]
[Round "6.4"]
[White "Winter, Ryan"]
[Black "Jackson, Ross"]
[Result "1-0"]
[WhiteElo "2209"]
[BlackElo "1885"]

1. e4 c5 2. Nf3 Nc6 3. d4 cxd4 4. Nxd4 d6 5. Nc3 Nf6 6. Be2 g6 7. Bg5 Bg7 8.
Nb3 Be6 9. O-O Rc8 10. Kh1 h6 11. Bh4 g5 12. Bg3 h5 13. h4 g4 14. Qd2 Bh6 15.
Bf4 Bxf4 16. Qxf4 Ne5 17. Rad1 Bc4 18. Rfe1 Bxe2 19. Rxe2 Rc4 20. Qg3 Qb6 21.
Nd5 Nxd5 22. exd5 a5 23. c3 Ra4 24. Nd4 Rxa2 25. Rxe5 dxe5 26. Qxe5 f6 27. Qe4
Rxb2 28. Nf5 Rh7 29. d6 e5 30. Qd5 Qc6 31. d7+ Kd8 32. Qxa5+ 1-0

[Event "Summer Cup"]
[Site "Wellington Chess Club"]
[Date "2023.03.16"]
[Round "6.5"]
[White "Aldridge, Alan"]
[Black "Archer, Ollie"]
[Result "0-1"]
[WhiteElo "2151"]
[BlackElo "1760"]

1. d4 d5 2. c4 e6 3. Nc3 Nf6 4. Nf3 Bb4 5. a3 Bxc3+ 6. bxc3 c5 7. Qc2 O-O 8. e3
Qa5 9. Nd2 Nc6 10. Bd3 cxd4 11. exd4 e5 12. cxd5 Qxd5 13. O-O exd4 14. Bb2 Rd8
15. Ne4 Nh5 16. c4 Qe5 17. g3 h6 18. f4 Qe7 19. c5 Nf6 20. Rfe1 Be6 21. Nd6 Qc7
22. Bc4 Bxc4 23. Qxc4 b6 24. Nb5 Qd7 25. cxb6 axb6 26. Rad1 Na5 27. Qd3 Rac8
28. Rc1 Rc4 29. Rxc4 Qxb5 30. Rxd4 Qxd3 31. Rxd3 Rxd3 0-1

[Event "Summer Cup"]
[Site "Wellington Chess Club"]
[Date "2023.03.16"]
[Round "6.6"]
[White "Brockway, Andrew"]
[Black "Cilia Vincenti, David"]
[Result "0-1"]
[WhiteElo "1662"]
[BlackElo "2136"]

1. e4 c5 2. Nc3 e6 3. f4 d5 4. Nf3 dxe4 5. Bb5+ Bd7 6. Bxd7+ Qxd7 7. Nxe4 Nc6
8. O-O Nf6 9. d3 Be7 10. Qe2 O-O 11. Bd2 Nd4 12. Nxf6+ Bxf6 13. Qe4 Nxf3+ 14.
Rxf3 Bxb2 15. Rb1 Bd4+ 16. Kh1 b6 17. f5 exf5 18. Rxf5 Rae8 19. Qf3 g6 20. Rd5
Qe6 21. Bh6 Bg7 22. Bxg7 Kxg7 23. Rf1 f5 24. h3 Rf7 25. Rd1 Qe2 26. d4 Qxf3 27.
gxf3 c4 28. Re5 Rxe5 29. dxe5 f4 30. e6 Re7 31. Rd7 Kf6 32. Rxe7 Kxe7 33. c3
Kxe6 34. a3 b5 35. h4 a5 36. Kg2 b4 37. cxb4 c3 0-1

[Event "Summer Cup"]
[Site "Wellington Chess Club"]
[Date "2023.03.16"]
[Round "6.7"]
[White "Perrin, Brent"]
[Black "Cooke, Xandi"]
[Result "1-0"]
[WhiteElo "1960"]
[BlackElo "1612"]

1. e4 c5 2. Nf3 e6 3. c3 Nc6 4. d4 cxd4 5. cxd4 Bb4+ 6. Nc3 h6 7. Bd3 Nf6 8.
O-O O-O 9. e5 Ne8 10. Qe2 d5 11. Be3 Qa5 12. Rac1 a6 13. Nh4 Be7 14. Qh5 Qb6
15. Ng6 fxg6 16. Qxg6 Bd8 17. Bxh6 Qxd4 18. Bxg7 Rf5 19. Bh6+ Kh8 20. Qxe8+ Kh7
21. Bxf5+ exf5 22. Qh5 1-0

[Event "Summer Cup"]
[Site "Wellington Chess Club"]
[Date "2023.03.16"]
[Round "6.8"]
[White "Keith, Matthew"]
[Black "Benitez, Edgar"]
[Result "1-0"]
[WhiteElo "1500"]
[BlackElo "1930"]

1. Nf3 f5 2. b3 Nf6 3. Bb2 e6 4. c4 Be7 5. Nc3 O-O 6. e3 d6 7. d4 c6 8. Be2 d5
9. Ne5 Nbd7 10. Nd3 Ne4 11. f4 Nxc3 12. Bxc3 Bd6 13. b4 Nf6 14. Nf2 Ne4 15.
Nxe4 fxe4 16. c5 Bc7 17. Kd2 b5 18. a3 Bd7 19. Kc2 Qf6 20. g4 Qh4 21. Be1 Qh3
22. Bg3 a5 23. g5 Be8 24. Bg4 Qg2+ 25. Kb1 h5 26. Ra2 Qxh1 27. Bxe6+ Kh7 28.
Qxh1 g6 29. f5 Bxg3 30. hxg3 gxf5 31. Rf2 Bg6 32. Bxf5 Bxf5 33. Qxh5+ Kg7 34.
Qh6+ Kg8 35. g6 Ra7 36. Rh2 Bxg6 37. Qh8+ Kf7 38. Rf2+ 1-0

[Event "Summer Cup"]
[Site "Wellington Chess Club"]
[Date "2023.03.16"]
[Round "6.9"]
[White "Forster, Bill"]
[Black "Hunt, Liam"]
[Result "1-0"]
[WhiteElo "2053"]
[BlackElo "1673"]

1. e4 c6 2. Qf3 d5 3. Nc3 dxe4 4. Nxe4 Nf6 5. Nxf6+ exf6 6. Bc4 Bd6 7. Ne2 O-O
8. O-O Re8 9. d4 Nd7 10. Bf4 Bxf4 11. Qxf4 b5 12. Bd3 Nf8 13. Rfe1 Be6 14. c3
a6 15. Bc2 Ra7 16. Ng3 Rae7 17. a3 Bc4 18. Rxe7 Qxe7 19. Qd2 g6 20. f3 f5 21.
Bd3 Bxd3 22. Qxd3 Qe3+ 23. Qxe3 Rxe3 24. Kf2 f4 25. Ne4 f5 26. Nc5 a5 27. Re1
Rxe1 28. Kxe1 Kf7 29. Nb7 a4 30. Nd8+ Ke7 31. Nxc6+ Kd6 32. Ne5 Ne6 33. Kd2 Kd5
34. Kd3 h5 35. Nxg6 1-0

[Event "Summer Cup"]
[Site "Wellington Chess Club"]
[Date "2023.03.16"]
[Round "6.10"]
[White "Hall, Nathan"]
[Black "Darr, Samuel"]
[Result "0-1"]
[WhiteElo "1922"]
[BlackElo "1569"]

1. d4 d5 2. Bf4 Nf6 3. Nc3 Bf5 4. f3 e6 5. g4 Bg6 6. h4 h6 7. e3 c5 8. Nb5 Na6
9. c3 Qb6 10. a4 c4 11. b3 Rc8 12. bxc4 dxc4 13. e4 Be7 14. Qd2 O-O 15. h5 Bh7
16. g5 hxg5 17. Bxg5 Nb8 18. h6 g6 19. Qf4 Nbd7 20. Ne2 a6 21. Na3 Nh5 22. Rxh5
Bxa3 23. Rxa3 gxh5 24. Be7 Rfe8 25. Qg5+ Bg6 26. a5 Qb5 27. e5 Qd5 28. Kf2 Qb5
29. Bb4 Kh7 30. Nf4 Rg8 31. Bh3 Qc6 32. Nxh5 Be4 33. Nf6+ Nxf6 34. Qxf6 Bg6 35.
Ra1 Qe8 36. Rg1 Qd8 37. Qf4 Bh5 38. Bg4 Qh4+ 39. Ke2 Bg6 40. Rg2 Bd3+ 41. Ke3
Qe1+ 0-1

[Event "Summer Cup"]
[Site "Wellington Chess Club"]
[Date "2023.03.16"]
[Round "6.11"]
[White "Thirkell, Zachary"]
[Black "Sethuramalingam, Karthik"]
[Result "1-0"]
[WhiteElo "1885"]
[BlackElo "1415"]

1. d4 d5 2. c4 e6 3. Nf3 Nf6 4. g3 b6 5. Bg2 Bb7 6. Ne5 h5 7. Bg5 Be7 8. Nc3
O-O 9. h4 Ne4 10. Bxe7 Qxe7 11. Qc2 Nxc3 12. bxc3 Nd7 13. Nf3 Nf6 14. Ng5 g6
15. O-O c5 16. cxd5 Bxd5 17. e4 Bb7 18. e5 Bxg2 19. Kxg2 Nd5 20. Ne4 Qc7 21.
Qd2 cxd4 22. cxd4 Qb7 23. Kg1 Kg7 24. Nd6 Qd7 25. Rfc1 f5 26. f4 Nc7 27. Rd1
Nb5 28. Nxb5 Qxb5 29. d5 Qxd5 30. Qxd5 exd5 31. Rxd5 Rad8 32. Rad1 Rxd5 33.
Rxd5 Rf7 34. a4 Re7 35. Kf2 Kf7 36. Ke3 Re6 37. Rd7+ Re7 38. Rxe7+ Kxe7 39. Kd3
a6 40. Kd4 Ke6 41. Kc4 Kd7 42. Kd5 b5 43. axb5 axb5 44. Kc5 Ke6 45. Kxb5 Kd5
46. Kb6 Ke4 47. e6 Kf3 48. e7 Kxg3 49. e8=Q Kxh4 50. Qxg6 Kh3 51. Qxh5+ Kg3 52.
Qxf5 1-0

[Event "Summer Cup"]
[Site "Wellington Chess Club"]
[Date "2023.03.16"]
[Round "6.12"]
[White "Frost, Paul"]
[Black "Henrys, Francis"]
[Result "1-0"]
[WhiteElo "1799"]
[BlackElo "1728"]

1. d4 c5 2. dxc5 Nc6 3. Nc3 e5 4. Ne4 Qc7 5. Nd6+ Bxd6 6. cxd6 Qb6 7. e3 Nf6 8.
Nf3 e4 9. Nd2 Qb4 10. b3 Qxd6 11. Bb2 O-O 12. Bc4 Qe7 13. Bxf6 Qxf6 14. Nxe4
Qg6 15. Ng3 Rd8 16. Bd3 Qf6 17. c4 Qc3+ 18. Ke2 d5 19. Rc1 Qb2+ 20. Rc2 Qe5 21.
Qa1 d4 22. e4 Bg4+ 23. f3 Qf4 24. Qc1 Qxc1 25. Rhxc1 Be6 26. Rd2 a5 27. a3 a4
28. b4 Ne5 29. h3 Rac8 30. c5 Bb3 31. f4 Nxd3 32. Kxd3 b5 33. Ne2 Bc4+ 34. Rxc4
bxc4+ 35. Kxc4 Re8 36. Rxd4 f5 37. e5 Kf7 38. Rd7+ Ke6 39. Rxg7 Red8 40. Nd4+
1-0

[Event "Summer Cup"]
[Site "Wellington Chess Club"]
[Date "2023.03.16"]
[Round "6.13"]
[White "Stoeveken, Peter"]
[Black "Shepherd, Blake"]
[Result "1-0"]
[WhiteElo "1779"]
[BlackElo "1566"]

1. e4 e6 2. f4 d5 3. e5 c5 4. Nf3 d4 5. Bb5+ Bd7 6. Bxd7+ Qxd7 7. d3 Ne7 8.
Nbd2 Nd5 9. Ne4 Nc6 10. O-O f5 11. exf6 gxf6 12. Nfd2 f5 13. Qh5+ Qf7 14. Qxf7+
Kxf7 15. Ng5+ Kf6 16. Ndf3 h6 17. Nh3 Rg8 18. c4 dxc3 19. bxc3 Bd6 20. c4 Ndb4
21. Bb2+ Ke7 22. Ne1 Nd4 23. Rb1 b6 24. a3 Nbc6 25. Kh1 Rg4 26. g3 Rag8 27. Nf3
Ne2 28. Rbe1 Nxg3+ 29. hxg3 Rxg3 30. Nfg1 Rxd3 31. Rf3 Rd2 32. Bc3 Rc2 33. Rfe3
Nd8 34. Ne2 Rg4 35. Rg1 Rh4 36. Re1 Kd7 37. Rd3 Ra2 38. Bf6 Rh5 39. Bxd8 Kxd8
40. Rxd6+ Ke7 41. Rd3 Rc2 42. Nc3 Kf6 43. Rde3 Kf7 44. Kg1 Rh4 45. R1e2 Rc1+
46. Kf2 e5 47. Kg3 Rg4+ 48. Kf2 exf4 49. Re7+ Kg6 50. Nd5 Rxc4 51. R2e6+ Kh5
52. Nf6+ Kh4 53. Nxg4 Kxh3 54. Ne5 Rc2+ 55. Ke1 Kg3 56. Rg7+ 1-0

[Event "Summer Cup"]
[Site "Wellington Chess Club"]
[Date "2023.03.16"]
[Round "6.14"]
[White "de Maupeou d'Ableiges, Alexandre"]
[Black "Coates, Alex"]
[Result "1-0"]
[WhiteElo "1699"]
[BlackElo "1718"]

1. d4 e6 2. Bf4 c5 3. e3 Qb6 4. Nc3 a6 5. Rb1 Nf6 6. Nf3 d5 7. Be2 Nc6 8. O-O
cxd4 9. exd4 Bb4 10. Na4 Qd8 11. c3 Be7 12. b4 O-O 13. Qc2 Bd7 14. Nc5 Qc8 15.
Bd3 Rd8 16. Ne5 Bxc5 17. Nxd7 Rxd7 18. bxc5 h6 19. Rb6 Ne8 20. Rfb1 g5 21. Bg3
f5 22. Qe2 Ng7 23. Bd6 Ra7 24. Bc2 Na5 25. Be5 Nc6 26. Ba4 Nxe5 27. Qxe5 Rf7
28. h4 g4 29. c4 dxc4 30. d5 f4 31. dxe6 Rf5 32. Qd6 g3 33. c6 Ne8 34. Qd7
gxf2+ 35. Kf1 1-0

[Event "Summer Cup"]
[Site "Wellington Chess Club"]
[Date "2023.03.16"]
[Round "6.15"]
[White "Saglam, Yigit"]
[Black "Farrington, Lawrence"]
[Result "1-0"]
[WhiteElo "1000"]
[BlackElo "1569"]

1. d4 d6 2. e4 g6 3. c4 Nf6 4. Nc3 Bg7 5. h3 O-O 6. Nf3 e5 7. d5 Nh5 8. Bd3 f5
9. Be3 f4 10. Bd2 a5 11. Be2 Nf6 12. Qc2 Na6 13. Na4 Nc5 14. Nxc5 dxc5 15. Nxe5
Nd7 16. Nxd7 Bxd7 17. Bc3 Qg5 18. Bf3 b6 19. Bxg7 Kxg7 20. Qc3+ Kg8 21. O-O-O
Rfe8 22. Rde1 Re5 23. h4 Qe7 24. Qd2 Rf8 25. b3 a4 26. Qd3 axb3 27. axb3 Ra8
28. Kb2 Qf6 29. Qc3 Qd6 30. Ra1 Rxa1 31. Rxa1 Qe7 32. Ra7 Qd6 33. Ra8+ Kf7 34.
Rd8 Re8 35. Rxe8 Bxe8 36. e5 Qe7 37. e6+ Kg8 38. g3 fxg3 39. fxg3 Qg7 40. g4
Qxc3+ 41. Kxc3 h6 42. g5 hxg5 43. hxg5 Kf8 44. Kd3 Ke7 45. Ke4 Kd6 46. Kf4 b5
47. Be4 bxc4 48. bxc4 c6 49. dxc6 Kxe6 50. Bd5+ Kd6 51. Ke4 Bxc6 52. Bxc6 Kxc6
53. Ke5 1-0

[Event "Summer Cup"]
[Site "Wellington Chess Club"]
[Date "2023.03.16"]
[Round "6.16"]
[White "Qu, Lucas"]
[Black "Moses, Christopher"]
[Result "1/2-1/2"]
[WhiteElo "1358"]
[BlackElo "1000"]

1. e4 c6 2. d4 d5 3. exd5 cxd5 4. Bd3 Nc6 5. c3 Nf6 6. f3 e6 7. Bf4 Nh5 8. Ne2
Nxf4 9. Nxf4 Bd6 10. Ne2 Qh4+ 11. g3 Qh5 12. Nd2 O-O 13. Qc2 e5 14. dxe5 Nxe5
15. O-O-O Nxd3+ 16. Qxd3 Re8 17. Nb3 Be6 18. Ned4 a5 19. Qb5 Qg5+ 20. f4 Qd8
21. Qxb7 Bg4 22. Rd2 a4 23. Nc6 Qf6 24. Nbd4 Qg6 25. Qb5 Qe4 26. Qf1 Bf5 27.
Nxf5 Qxf5 28. Nd4 Qf6 29. Qb5 Red8 30. Nc6 a3 31. Nxd8 axb2+ 32. Kxb2 Rxd8 33.
Kc2 Rc8 34. Qb3 d4 35. c4 Qf5+ 36. Rd3 Rb8 37. Qa4 Qe4 38. Rd1 Ra8 39. Qb3 Ra3
40. Qb2 Rc3+ 41. Qxc3 dxc3 42. Kxc3 Bf8 43. a4 g5 44. fxg5 Qe5+ 45. Kb3 Qxg5
46. Rd5 Qe3+ 47. R1d3 Qc1 1/2-1/2

[Event "Summer Cup"]
[Site "Wellington Chess Club"]
[Date "2023.03.16"]
[Round "6.17"]
[White "Dixon, Hamish"]
[Black "Meravanage, Satwik"]
[Result "0-1"]
[WhiteElo "1720"]
[BlackElo "1546"]

1. e4 e5 2. Nf3 Nc6 3. Bc4 Nf6 4. d3 d5 5. exd5 Nxd5 6. O-O Bg4 7. h3 Bh5 8.
Re1 Qd6 9. d4 O-O-O 10. dxe5 Nxe5 11. Qxd5 Nxf3+ 12. gxf3 Qxd5 13. Bxd5 Rxd5
14. Re8+ Kd7 15. Nc3 Rf5 16. Ra8 Bxf3 17. Be3 g6 18. Bh6 Rh5 19. Rxf8 Rxh3 {
White resigned, although he is better after 20. Rf7 and Rf3.} 0-1

[Event "Summer Cup"]
[Site "Wellington Chess Club"]
[Date "2023.03.16"]
[Round "6.18"]
[White "Hupert, Leo"]
[Black "Ulm, Joy"]
[Result "0-1"]
[WhiteElo "1326"]
[BlackElo "1654"]

1. e4 e5 2. Bc4 Nc6 3. Nf3 Bc5 4. d3 Nf6 5. h3 d6 6. a3 O-O 7. Nc3 Be6 8. Bxe6
fxe6 9. Bg5 d5 10. O-O d4 11. Ne2 Qd6 12. Ng3 h6 13. Bc1 Rad8 14. Nh2 Ne7 15.
Ng4 Ng6 16. Nxf6+ Rxf6 17. Qg4 Kh7 18. Nh5 Rf7 19. Bd2 Rdf8 20. g3 Bb6 21. f4
exf4 22. gxf4 c5 23. f5 exf5 24. Rxf5 Bc7 25. Bf4 Nxf4 26. Nxf4 Rxf5 27. exf5
Qxf4 28. Qg2 Rxf5 29. Rf1 Qe3+ 30. Kh1 Rxf1+ 31. Qxf1 Qf4 32. Qxf4 Bxf4 33. b3
g5 34. Kg2 Kg6 35. Kf3 Kf5 36. b4 cxb4 37. axb4 b5 38. Ke2 g4 39. h4 Bd6 0-1

[Event "Summer Cup"]
[Site "Wellington Chess Club"]
[Date "2023.03.16"]
[Round "6.19"]
[White "Evans, Oliver"]
[Black "Hampshire, Thomas"]
[Result "0-1"]
[WhiteElo "1641"]
[BlackElo "1522"]

1. e4 e5 2. Nf3 Nc6 3. Bc4 Bc5 4. c3 Nf6 5. d3 d6 6. Nbd2 O-O 7. O-O Bb6 8. h3
h6 9. Re1 Be6 10. Bb5 Ne7 11. Ba4 Ng6 12. Bc2 Re8 13. Nb3 d5 14. exd5 Bxd5 15.
Nh2 Bc6 16. d4 Qd5 17. Qf3 Qxf3 18. Nxf3 Bxf3 19. Bxg6 fxg6 20. gxf3 exd4 21.
Rxe8+ Rxe8 22. Bd2 dxc3 23. Bxc3 Nd5 24. Bd2 Re2 25. Rf1 c5 26. Re1 Rxe1+ 27.
Bxe1 Nf4 28. Bd2 Nxh3+ 29. Kg2 Nxf2 30. Nc1 Nd1 31. b3 c4 32. bxc4 Be3 33. Nb3
Bxd2 34. Nxd2 Ne3+ 35. Kf2 Nf5 36. c5 Kf7 37. Ne4 g5 38. a4 Ke6 39. a5 Kd5 40.
Ke2 Nd4+ 41. Ke3 Nb3 42. f4 gxf4+ 43. Kxf4 Nxc5 44. Nc3+ Kc4 0-1

[Event "Summer Cup"]
[Site "Wellington Chess Club"]
[Date "2023.03.16"]
[Round "6.20"]
[White "Carlyle, Mathieson"]
[Black "He, Jacob"]
[Result "1-0"]
[WhiteElo "1620"]
[BlackElo "1300"]

1. e4 e5 2. Nf3 Nc6 3. Bb5 Nf6 4. d3 a6 5. Ba4 Bc5 6. Bxc6 dxc6 7. c3 O-O 8.
Nxe5 Re8 9. f4 Nd7 10. Nf3 Nf6 11. Qc2 Nh5 12. Nbd2 Bg4 13. Nb3 Bb6 14. d4 g6
15. O-O f5 16. e5 Bxf3 17. Rxf3 c5 18. Nxc5 Bxc5 19. dxc5 g5 20. Qxf5 Qd1+ 21.
Rf1 Qe2 22. Qxg5+ Kh8 23. c4 Rad8 24. Qh4 Rg8 25. g3 Rd1 26. Rxd1 Qxd1+ 27. Kf2
Rg7 28. e6 Qd4+ 29. Be3 Qxb2+ 30. Kf3 Qxa1 31. e7 Qf1+ 32. Bf2 Qd1+ 33. Kg2 Qd7
34. Bd4 Qc6+ 35. Kf2 Kg8 36. Bxg7 Nxg7 37. Qg5 h6 38. Qd5+ Qxd5 39. cxd5 b5 40.
cxb6 cxb6 41. g4 1-0

[Event "Summer Cup"]
[Site "Wellington Chess Club"]
[Date "2023.03.16"]
[Round "6.21"]
[White "Nazeer, Afique"]
[Black "Katkodia, Ali"]
[Result "0-1"]
[WhiteElo "1200"]
[BlackElo "1843"]

1. d4 g6 2. c4 Nf6 3. Nc3 Bg7 4. Nf3 O-O 5. h3 d6 6. Qc2 Nbd7 7. Bf4 c6 8. e3
Qa5 9. Nd2 e5 10. Nb3 Qb6 11. c5 dxc5 12. dxc5 Nxc5 13. Bxe5 Bf5 14. Qd1 Ncd7
15. Bd6 Rfe8 16. Na4 Qd8 17. Ba3 Ne4 18. Nd4 Qh4 19. g3 Nxg3 20. Nxf5 Nxf5 0-1

[Event "Summer Cup"]
[Site "Wellington Chess Club"]
[Date "2023.03.16"]
[Round "6.22"]
[White "Ulm, Eric"]
[Black "Osborne, Geoff"]
[Result "0-1"]
[WhiteElo "1000"]
[BlackElo "1468"]

1. e4 c5 2. Nf3 d6 3. Bb5+ Bd7 4. Bxd7+ Nxd7 5. d4 g6 6. c3 Bg7 7. O-O Ngf6 8.
Re1 O-O 9. Nbd2 b5 10. Nf1 Qc7 11. Bf4 e5 12. dxe5 dxe5 13. Bd2 c4 14. Ng3 h5
15. Qc1 Rfe8 16. Bh6 Nc5 17. Bxg7 Kxg7 18. Qc2 Nd3 19. Red1 Qb6 20. Ne1 Nc5 21.
h4 Qc6 22. f3 Qb6 23. Kh2 Ne6 24. Ne2 Rh8 25. Kg3 g5 26. hxg5 h4+ 27. Kh2 Nxg5
28. Qc1 Kg6 29. f4 Ng4+ 30. Kh1 Nf2+ 31. Kh2 Nxd1 32. fxg5 Rad8 33. Qc2 Ne3 34.
Qc1 Rd1 35. Qxd1 Nxd1 36. Rxd1 Qe6 37. Rd5 a6 38. Nc2 Qg4 39. Rd6+ Kh5 40. Ng1
Qxg5 41. Nh3 Qg3+ 42. Kh1 Rg8 43. Rd2 Rg6 44. Rf2 Kh6 45. Ne1 Qe3 46. Nf3 Qxe4
47. Nfg5 Rxg5 48. Nxg5 Qe1+ 0-1

[Event "Summer Cup"]
[Site "Wellington Chess Club"]
[Date "2023.03.16"]
[Round "6.23"]
[White "Saglam, Azra"]
[Black "Schwalger, Harry"]
[Result "1-0"]
[WhiteElo "1000"]
[BlackElo "1500"]

1. c4 Nf6 2. Nc3 e5 3. e4 Bc5 4. g3 Nc6 5. Bg2 d6 6. h3 h5 7. d3 Be6 8. Nge2
Nd4 9. Be3 Nxe2 10. Qxe2 Bb4 11. Bd2 c6 12. a3 Qa5 13. O-O Bxc3 14. Bxc3 Qc7
15. Rad1 Qd7 16. Kh2 g5 17. d4 exd4 18. Bxd4 Qe7 19. b3 c5 20. Bc3 Bf5 21. Bxf6
Qxf6 22. exf5+ Kd7 23. Qc2 Rab8 24. Rd3 Rhe8 25. Rfd1 Kc7 26. Rxd6 Qxd6 27.
Rxd6 Kxd6 28. Qd2+ Kc7 29. Qxg5 Re2 30. Qxh5 Re7 31. Bd5 f6 32. b4 cxb4 33.
axb4 Rd8 34. Qh6 Rd6 35. Be6 a6 36. Qxf6 Re8 37. c5 Rdxe6 38. fxe6 Kc6 39. Qf7
Rc8 40. Qd7# 1-0

[Event "Summer Cup"]
[Site "Wellington Chess Club"]
[Date "2023.03.16"]
[Round "6.24"]
[White "Hill, Matthew"]
[Black "Dutt, Rishay"]
[Result "0-1"]
[WhiteElo "1000"]
[BlackElo "1000"]

1. d4 d5 2. Bf4 Nc6 3. Nf3 e6 4. c3 h6 5. e3 Nf6 6. Bb5 g5 7. Bg3 Ne4 8. Qd3 f6
9. Nbd2 f5 10. h4 a6 11. Ba4 b5 12. Bxb5 axb5 13. Qxb5 Bd7 14. O-O-O Nxd4 15.
Qb7 Ne2+ 16. Kb1 N2xg3 17. fxg3 Bc6 18. Qxc6+ Qd7 19. Qxa8+ Ke7 20. c4 Bg7 21.
Qa3+ Kf7 22. hxg5 Rb8 23. gxh6 Rxb2+ 24. Ka1 Rb3+ 25. Ne5+ Bxe5+ 26. Qb2 Rxb2
27. h7 Rxd2+ 28. Kb1 Rxd1+ 29. Rxd1 Nc3+ 30. Kc2 Qa4+ 31. Kb2 Qxa2+ 32. Kc1
Qb1+ 33. Kd2 Qxd1# 0-1

[Event "Summer Cup"]
[Site "Wellington Chess Club"]
[Date "2023.03.16"]
[Round "6.26"]
[White "Marney, John"]
[Black "Hall, Corey"]
[Result "1/2-1/2"]
[WhiteElo "1689"]
[BlackElo "1000"]

1. e4 c5 2. Nf3 Nc6 3. d4 cxd4 4. Nxd4 Nf6 5. Nc3 e6 6. Be3 Bb4 7. Nxc6 bxc6 8.
Bd3 d5 9. Bd2 Bxc3 10. Bxc3 dxe4 11. Bxf6 Qxf6 12. Bxe4 Bb7 13. Qf3 Qxb2 14.
Bxc6+ Bxc6 15. Qxc6+ Ke7 16. Qc7+ Kf6 17. Qf4+ Kg6 18. Qg4+ Kf6 1/2-1/2

[Event "Summer Cup"]
[Site "Wellington Chess Club"]
[Date "2023.03.16"]
[Round "6.27"]
[White "Howe, Alexander"]
[Black "Tanoi, Edward"]
[Result "1-0"]
[WhiteElo "1556"]
[BlackElo "1993"]

1. e4 e5 2. Nf3 Nc6 3. Bb5 a6 4. Ba4 Bc5 5. c3 Ba7 6. d4 b5 7. Bb3 exd4 8. cxd4
Na5 9. Bc2 Bb7 10. O-O Nf6 11. Re1 h6 12. e5 Nd5 13. Nc3 Nb4 14. Be4 Bxe4 15.
Nxe4 Nd5 16. Nc3 Nxc3 17. bxc3 O-O 18. Ba3 Re8 19. Bb4 Nc4 20. Nd2 Nb2 21. Qc2
Na4 22. Ne4 Rc8 23. Ba3 d6 24. exd6 cxd6 25. Nxd6 Rxe1+ 26. Rxe1 Rxc3 27. Qf5
Rxa3 28. Qxf7+ Kh7 29. Qf5+ Kg8 30. Re8+ Qxe8 31. Nxe8 Rc3 32. g3 Rc1+ 33. Kg2
Nc3 34. Qd7 Kf8 35. Nxg7 Bxd4 36. Ne6+ Kg8 37. Qe8+ Kh7 38. Qf7+ Kh8 39. Nxd4
1-0

[Event "Summer Cup"]
[Site "Wellington Chess Club"]
[Date "2023.03.30"]
[Round "7.1"]
[White "Croad, Nicolas"]
[Black "Ker, Anthony"]
[Result "1-0"]
[WhiteElo "2442"]
[BlackElo "2425"]

1. e4 c5 2. Nf3 g6 3. d4 cxd4 4. Qxd4 Nf6 5. Nc3 Nc6 6. Qa4 d6 7. e5 Ng4 8. Bf4
Bg7 9. exd6 O-O 10. Bb5 e5 11. Bg5 Qxd6 12. Bxc6 Qxc6 13. Qxc6 bxc6 14. h3 Nf6
15. O-O-O Be6 16. Rhe1 Nd5 17. Bd2 f6 18. Ne4 Rfd8 19. Nc5 Bf7 20. c4 Nb6 21.
b3 Bf8 22. Be3 f5 23. Rxd8 Rxd8 24. Nxe5 f4 25. Nxf7 Kxf7 26. Ne6 Re8 27. Bxb6
Ba3+ 28. Kc2 axb6 29. Ng5+ Kf8 30. Nxh7+ Kf7 31. Ng5+ Kf8 32. Rxe8+ Kxe8 33.
Kd3 Ke7 34. Ke4 Bc1 35. Nf3 Kd6 36. Ne5 g5 37. Nf7+ Kc5 38. Nxg5 Kb4 39. Kd3
Ka3 40. Kc2 Bb2 41. Ne6 Be5 42. h4 Kxa2 43. h5 1-0

[Event "Summer Cup"]
[Site "Wellington Chess Club"]
[Date "2023.03.30"]
[Round "7.2"]
[White "Winsley, Nicholas"]
[Black "Van der Hoorn, Thomas"]
[Result "1/2-1/2"]
[WhiteElo "1942"]
[BlackElo "2068"]

1. e4 c5 2. Nf3 Nc6 3. d4 cxd4 4. Nxd4 e5 5. Nb5 d6 6. Bc4 Be7 7. O-O h6 8. Be3
Nf6 9. Qd3 a6 10. N5c3 O-O 11. Nd5 Nxd5 12. exd5 Nd4 13. Bxd4 exd4 14. Nd2 b5
15. Bb3 Bf6 16. Nf3 Qb6 17. h3 a5 18. a3 Ba6 19. Rfd1 Rac8 20. Qd2 a4 21. Ba2
Qc5 22. Rac1 Bb7 23. Nxd4 Bxd5 24. Bxd5 Qxd5 25. c3 Bg5 26. f4 Bf6 27. Qd3 Rc4
28. Ne2 Qh5 29. Rd2 Re8 30. Rf1 Rce4 31. Ng3 Qc5+ 32. Kh2 R4e6 33. Rf3 Re1 34.
Rf1 Bh4 35. Rxe1 Rxe1 36. Qd4 Qxd4 37. Rxd4 Rb1 38. Rb4 Bf6 39. Rxb5 Bxc3 40.
Ne4 Bd4 41. Rb4 Bc5 42. Nc3 Bxb4 43. Nxb1 Ba5 44. Kg3 f5 45. Kf3 Kf7 46. Ke3
Ke6 1/2-1/2

[Event "Summer Cup"]
[Site "Wellington Chess Club"]
[Date "2023.03.30"]
[Round "7.3"]
[White "Archer, Ollie"]
[Black "Winter, Ryan"]
[Result "0-1"]
[WhiteElo "2151"]
[BlackElo "2209"]

1. d4 Nf6 2. c4 e6 3. Nf3 d5 4. Nc3 c6 5. e3 Nbd7 6. Bd3 dxc4 7. Bxc4 b5 8. Bd3
Bb7 9. O-O a6 10. e4 c5 11. e5 Nd5 12. Ng5 Be7 13. Qh5 g6 14. Qh6 Bf8 15. Qh3
cxd4 16. Bxg6 hxg6 17. Qxh8 dxc3 18. Qg8 Qe7 19. bxc3 Nxe5 20. Re1 Nd3 21. Ba3
Nf6 22. Qh8 Qxa3 23. Nxe6 Nxe1 24. Nc7+ Kd7 25. Nxa8 Qe7 26. Qh3+ Kc6 27. Kf1
Nc2 28. Rc1 Qe4 0-1